[Event "Vladimir Dvorkovich Mem 2014"]
[Site "Taganrog RUS"]
[Date "2014.01.21"]
[Round "4.14"]
[White "Tunik, G."]
[Black "Dauletova, G."]
[Result "1-0"]
[WhiteElo "2420"]
[BlackElo "2218"]
[PlyCount "79"]
[EventDate "2014.01.18"]
[EventType "swiss"]
[EventRounds "9"]
[EventCountry "RUS"]
[Source "Mark Crowther"]
[SourceDate "2014.01.27"]

1. d4 Nf6 2. c4 e6 3. Nf3 d5 4. Nc3 Bb4 5. cxd5 exd5 6. Bg5 h6 7. Bxf6 Qxf6 8.
Qb3 c5 9. a3 Bxc3+ 10. Qxc3 b6 11. e3 O-O 12. dxc5 Qxc3+ 13. bxc3 bxc5 14. c4
Be6 15. cxd5 Bxd5 16. Be2 Nd7 17. O-O Rab8 18. Rfd1 Be6 19. a4 Rb4 20. Bb5 Nb8
21. Rdc1 Rc8 22. Bf1 a5 23. Bb5 Kf8 24. Ne1 c4 25. Rc3 Nd7 26. h3 Nf6 27. Nf3
Ne4 28. Rc2 Nc5 29. Ne5 Nb7 30. Rd1 c3 31. Rd3 Rb2 32. Rcxc3 Nc5 33. Rd1 f6 34.
Rdc1 fxe5 35. Rxc5 Rxc5 36. Rxc5 Ra2 37. Rxe5 Bb3 38. Re4 Kf7 39. Bc4+ Bxc4 40.
Rxc4 1-0

[Event "Vladimir Dvorkovich Mem 2014"]
[Site "Taganrog RUS"]
[Date "2014.01.21"]
[Round "4.15"]
[White "Korchmar, V."]
[Black "Lugovskoy, M."]
[Result "1/2-1/2"]
[WhiteElo "2346"]
[BlackElo "2386"]
[PlyCount "94"]
[EventDate "2014.01.18"]
[EventType "swiss"]
[EventRounds "9"]
[EventCountry "RUS"]
[Source "Mark Crowther"]
[SourceDate "2014.01.27"]

1. d4 d5 2. c4 e6 3. Nc3 Nf6 4. Nf3 Be7 5. Bf4 O-O 6. e3 b6 7. cxd5 Nxd5 8.
Nxd5 Qxd5 9. Be2 Bb7 10. O-O Bd6 11. Bxd6 cxd6 12. Qa4 Nc6 13. Rfc1 Rfc8 14.
Qa3 b5 15. Ne1 e5 16. Bf3 e4 17. Bd1 Rd8 18. Qc3 Rac8 19. Bb3 Qg5 20. Qd2 a5
21. a3 h5 22. g3 a4 23. h4 Qf5 24. Bd1 Ne7 25. Be2 Nd5 26. Qa5 Ra8 27. Qd2 Nf6
28. Ng2 Rab8 29. Qa5 Bd5 30. Rc7 Ra8 31. Qd2 Rab8 32. Qa5 Ra8 33. Qe1 Rab8 34.
Rac1 Bc4 35. Nf4 d5 36. Bf1 Ne8 37. Rc5 g5 38. hxg5 Qxg5 39. Bxc4 bxc4 40.
R1xc4 Rxb2 41. Qa5 Rb1+ 42. Rc1 Rdb8 43. Qe1 Rxc1 44. Qxc1 Nf6 45. Rc8+ Rxc8
46. Qxc8+ Kg7 47. Qc7 Qf5 1/2-1/2

[Event "Vladimir Dvorkovich Mem 2014"]
[Site "Taganrog RUS"]
[Date "2014.01.21"]
[Round "4.16"]
[White "Pushkov, N."]
[Black "Volkov, Sergey1"]
[Result "0-1"]
[WhiteElo "2344"]
[BlackElo "2623"]
[PlyCount "62"]
[EventDate "2014.01.18"]
[EventType "swiss"]
[EventRounds "9"]
[EventCountry "RUS"]
[Source "Mark Crowther"]
[SourceDate "2014.01.27"]

1. d4 d5 2. c4 c6 3. Nf3 Nf6 4. Nc3 a6 5. cxd5 cxd5 6. Bf4 Nc6 7. Rc1 Nh5 8.
Be5 f6 9. Bg3 e5 10. e3 Nxg3 11. hxg3 Be6 12. a3 Be7 13. Be2 O-O 14. Na4 Bf7
15. Nc5 Qa5+ 16. Qd2 Qc7 17. b4 Rfc8 18. Qb2 e4 19. Nh4 g6 20. g4 Bd6 21. Kd2
Qe7 22. g3 a5 23. b5 b6 24. bxc6 bxc5 25. dxc5 Bxc5 26. Ra1 Rab8 27. Qc3 d4 28.
exd4 Bxd4 29. Qxd4 Rd8 30. Qxd8+ Rxd8+ 31. Ke1 e3 0-1

[Event "Vladimir Dvorkovich Mem 2014"]
[Site "Taganrog RUS"]
[Date "2014.01.21"]
[Round "4.17"]
[White "Kharchenko, B."]
[Black "Dmitriev, Ig"]
[Result "1-0"]
[WhiteElo "2494"]
[BlackElo "2298"]
[PlyCount "89"]
[EventDate "2014.01.18"]
[EventType "swiss"]
[EventRounds "9"]
[EventCountry "RUS"]
[Source "Mark Crowther"]
[SourceDate "2014.01.27"]

1. e4 e6 2. d4 d5 3. Nd2 Ne7 4. Bd3 Nd7 5. e5 c5 6. c3 Nc6 7. Ne2 Qb6 8. Nf3
cxd4 9. cxd4 Qb4+ 10. Kf1 f6 11. Nf4 Ndxe5 12. Nxe5 fxe5 13. Qh5+ Kd8 14. dxe5
Qd4 15. Qh3 g5 16. Ne2 Qxe5 17. Bd2 Bb4 18. Nc3 Bd7 19. Re1 Qf6 20. Qg3 Be7 21.
Nb5 Rf8 22. Qc7+ Ke8 23. f3 Nd4 24. Bxg5 Qxg5 25. Nxd4 Rc8 26. Qxb7 Rc1 27.
Qb8+ Kf7 28. Qg3 Qd2 29. Rxc1 Qxc1+ 30. Qe1 Qxb2 31. Ne2 Rc8 32. h4 Bb4 33. Qd1
Qxa2 34. Bb1 Qa6 35. Kf2 Qb6+ 36. Kg3 Bd6+ 37. Kh3 Rc4 38. Qd3 Qf2 39. Qxh7+
Ke8 40. Qg8+ Bf8 41. Bg6+ Ke7 42. Qf7+ Kd8 43. Qxf8+ Kc7 44. Ng3 Qd4 45. Qe7
1-0

[Event "Vladimir Dvorkovich Mem 2014"]
[Site "Taganrog RUS"]
[Date "2014.01.21"]
[Round "4.18"]
[White "Golubov, Saveliy"]
[Black "Kornyukov, A."]
[Result "0-1"]
[WhiteElo "2307"]
[BlackElo "2437"]
[PlyCount "68"]
[EventDate "2014.01.18"]
[EventType "swiss"]
[EventRounds "9"]
[EventCountry "RUS"]
[Source "Mark Crowther"]
[SourceDate "2014.01.27"]

1. e4 c5 2. Nf3 Nc6 3. d4 cxd4 4. Nxd4 Nf6 5. Nc3 e5 6. Ndb5 d6 7. Bg5 a6 8.
Na3 Be6 9. Be2 Be7 10. Bxf6 Bxf6 11. O-O O-O 12. Nd5 Bg5 13. c3 Ne7 14. Bc4 Rc8
15. Nxe7+ Qxe7 16. Qd3 Rfd8 17. Rad1 b5 18. Bd5 Bxd5 19. Qxd5 Rc5 20. Qd3 d5
21. b4 Rcc8 22. exd5 e4 23. Qg3 e3 24. Rd3 exf2+ 25. Rxf2 Bh4 26. Qf3 Bxf2+ 27.
Qxf2 Qg5 28. Qd2 Qxd2 29. Rxd2 Rxc3 30. Nc2 Kf8 31. Kf2 Ke7 32. Ne3 g6 33. Nd1
Rc4 34. a3 Kd6 0-1

[Event "Vladimir Dvorkovich Mem 2014"]
[Site "Taganrog RUS"]
[Date "2014.01.21"]
[Round "4.19"]
[White "Zakharov, AI."]
[Black "Pasiev, R."]
[Result "1/2-1/2"]
[WhiteElo "2324"]
[BlackElo "2405"]
[PlyCount "80"]
[EventDate "2014.01.18"]
[EventType "swiss"]
[EventRounds "9"]
[EventCountry "RUS"]
[Source "Mark Crowther"]
[SourceDate "2014.01.27"]

1. e4 c5 2. Nc3 Nc6 3. g3 Rb8 4. a4 a6 5. Nge2 d6 6. Bg2 e5 7. d3 Nf6 8. h3 b5
9. axb5 axb5 10. O-O Be7 11. f4 O-O 12. g4 b4 13. Nd5 Nxd5 14. exd5 Nd4 15. c3
bxc3 16. bxc3 Nxe2+ 17. Qxe2 exf4 18. Bxf4 Bf6 19. Ra3 Re8 20. Be4 Be5 21. Qf2
Bxf4 22. Qxf4 Qe7 23. Raa1 f5 24. gxf5 Qf6 25. Qg3 Rb3 26. Rac1 c4 27. Rf4 cxd3
28. Bxd3 Bb7 29. Re4 Rxe4 30. Bxe4 Bc8 31. Bg2 Bxf5 32. Qe3 h6 33. Rf1 Qg6 34.
Kh2 Rb2 35. Rf2 Rxf2 36. Qxf2 Be4 37. c4 Bxg2 38. Qxg2 Kf7 39. Qf3+ Qf6 40.
Qh5+ Ke7 1/2-1/2

[Event "Vladimir Dvorkovich Mem 2014"]
[Site "Taganrog RUS"]
[Date "2014.01.21"]
[Round "4.20"]
[White "Guseva, Marina"]
[Black "Taysayev, T."]
[Result "1-0"]
[WhiteElo "2388"]
[BlackElo "2233"]
[PlyCount "79"]
[EventDate "2014.01.18"]
[EventType "swiss"]
[EventRounds "9"]
[EventCountry "RUS"]
[Source "Mark Crowther"]
[SourceDate "2014.01.27"]

1. d4 d5 2. c4 c6 3. Nc3 dxc4 4. e3 Be6 5. Nf3 b5 6. Ng5 Qd7 7. Nxe6 Qxe6 8. a4
b4 9. Ne2 g5 10. Ng3 Nf6 11. Qc2 a5 12. Bxc4 Qd7 13. O-O h5 14. e4 h4 15. Ne2
Bh6 16. f4 g4 17. f5 Bxc1 18. Raxc1 Kf8 19. e5 Nd5 20. Qe4 Na6 21. Nf4 Nac7 22.
e6 Qd6 23. exf7 Nxf4 24. Rxf4 Nd5 25. Rxg4 Kxf7 26. Rxh4 Rag8 27. Re1 Ke8 28.
Rxh8 Rxh8 29. Qe5 Rh6 30. Bxd5 cxd5 31. Qxd6 Rxd6 32. Re6 Rd8 33. f6 Rc8 34.
fxe7 Rc4 35. h4 Rxd4 36. h5 b3 37. h6 Rxa4 38. h7 Rh4 39. Ra6 Kxe7 40. Ra8 1-0

[Event "Vladimir Dvorkovich Mem 2014"]
[Site "Taganrog RUS"]
[Date "2014.01.21"]
[Round "4.21"]
[White "Esipenko, Andrey"]
[Black "Rozhko, D."]
[Result "1-0"]
[WhiteElo "2289"]
[BlackElo "2354"]
[PlyCount "132"]
[EventDate "2014.01.18"]
[EventType "swiss"]
[EventRounds "9"]
[EventCountry "RUS"]
[Source "Mark Crowther"]
[SourceDate "2014.01.27"]

1. d4 d5 2. Nf3 Nf6 3. c4 c6 4. Nc3 dxc4 5. a4 Bf5 6. e3 e6 7. Bxc4 Bb4 8. O-O
Nbd7 9. Qe2 Bg6 10. e4 O-O 11. Bd3 c5 12. e5 cxd4 13. exf6 dxc3 14. fxg7 Kxg7
15. Qe3 Qf6 16. Bxg6 hxg6 17. bxc3 Bxc3 18. Ra3 Rfc8 19. Rxc3 Rxc3 20. Qh6+ Kg8
21. Bb2 Nb6 22. Ng5 Nd5 23. Qh7+ Kf8 24. Ne4 Rh3 25. Nxf6 Rxh7 26. Nxh7+ Ke7
27. Ba3+ Kd7 28. Rd1 Ke8 29. Ng5 Nc3 30. Rd3 Rc8 31. g3 Rc4 32. a5 Nd5 33. Rb3
b6 34. axb6 axb6 35. Nf3 f6 36. h4 Kd7 37. Kg2 e5 38. Bb2 Ke6 39. Nd2 Rc2 40.
Ne4 b5 41. Ba3 f5 42. Ng5+ Kd7 43. Rxb5 Ne3+ 44. Kg1 Nc4 45. Rb3 e4 46. Bb4 e3
47. fxe3 Ne5 48. e4 Rc1+ 49. Kf2 Ng4+ 50. Ke2 Rg1 51. exf5 gxf5 52. Rd3+ Kc6
53. Bd6 Rg2+ 54. Kf1 Rh2 55. Bf4 Kc5 56. Kg1 Ra2 57. Rd2 Ra8 58. Nf3 Nf6 59.
Ng5 Kc4 60. Kg2 Ra3 61. Nf7 Ra5 62. Ne5+ Kc3 63. Re2 Rb5 64. Re3+ Kd4 65. Nf3+
Kc5 66. Re5+ Kc4 1-0

[Event "Vladimir Dvorkovich Mem 2014"]
[Site "Taganrog RUS"]
[Date "2014.01.21"]
[Round "4.22"]
[White "Davletbayeva, M."]
[Black "Yuzhakov, O."]
[Result "0-1"]
[WhiteElo "2286"]
[BlackElo "2345"]
[PlyCount "64"]
[EventDate "2014.01.18"]
[EventType "swiss"]
[EventRounds "9"]
[EventCountry "RUS"]
[Source "Mark Crowther"]
[SourceDate "2014.01.27"]

1. e4 e6 2. d4 d5 3. Nd2 Nf6 4. e5 Nfd7 5. Bd3 c5 6. c3 Nc6 7. Ne2 cxd4 8. cxd4
f6 9. exf6 Nxf6 10. O-O Bd6 11. Nf3 Qc7 12. Bd2 O-O 13. Ng3 e5 14. dxe5 Nxe5
15. Nxe5 Bxe5 16. Rc1 Qb6 17. Bc3 Bxc3 18. bxc3 Bd7 19. Qd2 Rad8 20. Rb1 Qc7
21. Rb4 Rc8 22. Rh4 Qe5 23. c4 g5 24. Rd4 Kh8 25. Bb1 Rxc4 26. Rxc4 dxc4 27.
Qb4 Rc8 28. Re1 a5 29. Qd2 c3 30. Qc1 Qf4 31. Qc2 Ba4 32. Qd3 Qd2 0-1

[Event "Vladimir Dvorkovich Mem 2014"]
[Site "Taganrog RUS"]
[Date "2014.01.21"]
[Round "4.23"]
[White "Nazaretyan, Tigran"]
[Black "Mikhailov, Se1"]
[Result "0-1"]
[WhiteElo "2149"]
[BlackElo "2327"]
[PlyCount "130"]
[EventDate "2014.01.18"]
[EventType "swiss"]
[EventRounds "9"]
[EventCountry "RUS"]
[Source "Mark Crowther"]
[SourceDate "2014.01.27"]

1. d4 Nf6 2. c4 e6 3. Nc3 b6 4. a3 Bb7 5. d5 Be7 6. g3 O-O 7. Bg2 Re8 8. e4
exd5 9. cxd5 c6 10. Nge2 Bf8 11. O-O c5 12. f4 d6 13. b4 Na6 14. Rb1 Qd7 15. b5
Nc7 16. Re1 Rab8 17. h3 a6 18. a4 axb5 19. axb5 g6 20. Qd3 Bg7 21. Bd2 Ra8 22.
Nd1 Ra4 23. Nec3 Rd4 24. Qc2 Rc8 25. Be3 Rb4 26. Bf1 Re8 27. Bg2 Nxb5 28. Nxb5
Qxb5 29. Nc3 Qd7 30. Rxb4 cxb4 31. Na4 b3 32. Qxb3 Nxe4 33. Nxb6 Qd8 34. Kh2
Nc5 35. Qb5 Bc3 36. Bd2 Rxe1 37. Bxc3 Rc1 38. Bd4 Rc2 39. Qb1 Re2 40. Kg1 Qe8
41. Qb4 Nd3 42. Qc3 Ne1 43. Bh1 Rc2 44. Qe3 Qxe3+ 45. Bxe3 f5 46. Bf2 Nd3 47.
Be3 Re2 48. Bd4 Rd2 49. Be3 Rd1+ 50. Kh2 Nb4 51. Bf2 Nxd5 52. Bf3 Rd2 53. Kg1
Nxb6 54. Bxb7 Nd7 55. Be3 Rd1+ 56. Kf2 Nf6 57. Bf3 Rb1 58. g4 Kf7 59. gxf5 gxf5
60. Be2 Ne4+ 61. Kg2 d5 62. Bd4 Ke6 63. h4 Rb4 64. Be5 d4 65. Ba6 Kd5 0-1

[Event "Vladimir Dvorkovich Mem 2014"]
[Site "Taganrog RUS"]
[Date "2014.01.21"]
[Round "4.24"]
[White "Lopukhin, A."]
[Black "Hudyakov, S."]
[Result "1-0"]
[WhiteElo "2327"]
[BlackElo "2094"]
[PlyCount "71"]
[EventDate "2014.01.18"]
[EventType "swiss"]
[EventRounds "9"]
[EventCountry "RUS"]
[Source "Mark Crowther"]
[SourceDate "2014.01.27"]

1. e4 e6 2. Nf3 d5 3. Nc3 d4 4. Ne2 c5 5. c3 Nf6 6. Ng3 a6 7. d3 Nc6 8. Be2 Be7
9. O-O O-O 10. Qc2 e5 11. a3 Bd7 12. cxd4 cxd4 13. b4 Rc8 14. Qb2 b5 15. Bd2
Bd6 16. Rfc1 Qe7 17. Bd1 h6 18. Nh4 Bb8 19. Nhf5 Qd8 20. Bb3 h5 21. Bg5 g6 22.
Qe2 Be6 23. Bd5 Na7 24. Qf3 Re8 25. Nxd4 exd4 26. Bxf6 Qd7 27. Bxd4 f5 28.
Bxe6+ Rxe6 29. exf5 Rd6 30. Bxa7 Rxc1+ 31. Rxc1 Bxa7 32. fxg6 Bd4 33. Rc8+ Kg7
34. Nf5+ Kxg6 35. Nxd6 Qxd6 36. Qe4+ 1-0

[Event "Vladimir Dvorkovich Mem 2014"]
[Site "Taganrog RUS"]
[Date "2014.01.21"]
[Round "4.25"]
[White "Iliushkin, E."]
[Black "Becker, Max"]
[Result "1-0"]
[WhiteElo "2302"]
[BlackElo "2211"]
[PlyCount "69"]
[EventDate "2014.01.18"]
[EventType "swiss"]
[EventRounds "9"]
[EventCountry "RUS"]
[Source "Mark Crowther"]
[SourceDate "2014.01.27"]

1. c4 Nf6 2. Nc3 d5 3. d4 e6 4. Nf3 Be7 5. Bg5 O-O 6. e3 h6 7. Bxf6 Bxf6 8.
cxd5 exd5 9. Bd3 c5 10. dxc5 Bxc3+ 11. bxc3 Qa5 12. O-O Nc6 13. Bc2 Qxc5 14.
Qd3 g6 15. Bb3 Rd8 16. Rad1 Bf5 17. Qd2 Bg4 18. Bxd5 Rac8 19. e4 Bxf3 20. gxf3
Ne7 21. c4 b5 22. Qa5 Qb6 23. Qxb5 Nxd5 24. Rxd5 Rxd5 25. exd5 Qd4 26. Rc1 Qf4
27. Rc3 Qg5+ 28. Kf1 Qf4 29. Qd7 Rb8 30. Kg2 Rb2 31. Qe8+ Kg7 32. Qe3 Qf6 33.
c5 Rb4 34. c6 Qd6 35. c7 1-0

[Event "Vladimir Dvorkovich Mem 2014"]
[Site "Taganrog RUS"]
[Date "2014.01.21"]
[Round "4.26"]
[White "Yuffa, D."]
[Black "Sazonova, A."]
[Result "1-0"]
[WhiteElo "2373"]
[BlackElo "2042"]
[PlyCount "141"]
[EventDate "2014.01.18"]
[EventType "swiss"]
[EventRounds "9"]
[EventCountry "RUS"]
[Source "Mark Crowther"]
[SourceDate "2014.01.27"]

1. c4 Nf6 2. Nc3 g6 3. g3 Bg7 4. Bg2 O-O 5. Nf3 d6 6. O-O Nbd7 7. Rb1 c6 8. b4
e5 9. d3 Qc7 10. b5 Re8 11. Nd2 c5 12. Nde4 Nxe4 13. Bxe4 h6 14. a4 Nf6 15. Bg2
Bd7 16. Qb3 Qc8 17. Re1 Rb8 18. e3 Bf5 19. Ne4 Nxe4 20. dxe4 Bh3 21. Bh1 Bf8
22. Bb2 Kh7 23. Rbd1 f6 24. Rd2 Rd8 25. f4 Be7 26. Rf2 Rf8 27. Qd3 Qd7 28. f5
g5 29. Qd1 g4 30. Bg2 Bxg2 31. Qxg4 Rg8 32. Qh4 Rg5 33. Kxg2 Rbg8 34. Kf3 Qe8
35. Qh3 Qf7 36. Rc1 Kg7 37. Rd2 h5 38. Rd5 Rd8 39. Bc3 Rd7 40. Rg1 Rg4 41. Qf1
Rd8 42. Qd1 Kh6 43. Ba5 Rc8 44. h3 Rg7 45. Be1 Rcg8 46. Bf2 Kh7 47. Qd2 Qf8 48.
Qa5 Qb8 49. Rg2 Kh6 50. Rd1 Bd8 51. Qd2 Be7 52. Qd5 Qc8 53. g4 Kh7 54. Rdg1 b6
55. a5 Qa8 56. Qd3 Qd8 57. axb6 axb6 58. Ra1 Qb8 59. Qd5 Qc7 60. Rgg1 Kh6 61.
Bh4 Kh7 62. Ra6 Bd8 63. Ra8 Qb7 64. Rxd8 Qxd5 65. exd5 hxg4+ 66. hxg4 Rxd8 67.
Bxf6 Ra8 68. Rh1+ Kg8 69. Bxg7 Kxg7 70. g5 Ra4 71. Rh6 1-0

[Event "Vladimir Dvorkovich Mem 2014"]
[Site "Taganrog RUS"]
[Date "2014.01.21"]
[Round "4.27"]
[White "Bykova, Anastasia"]
[Black "Charochkina, D."]
[Result "1/2-1/2"]
[WhiteElo "2097"]
[BlackElo "2359"]
[PlyCount "141"]
[EventDate "2014.01.18"]
[EventType "swiss"]
[EventRounds "9"]
[EventCountry "RUS"]
[Source "Mark Crowther"]
[SourceDate "2014.01.27"]

1. d4 Nf6 2. Nf3 c5 3. c3 e6 4. Bf4 b6 5. e3 Bb7 6. Be2 Be7 7. h3 O-O 8. Nbd2
d5 9. O-O Ne4 10. Bh2 Qe8 11. a4 Nc6 12. Qb3 c4 13. Qc2 Nxd2 14. Nxd2 f6 15. e4
Qg6 16. Rac1 dxe4 17. Nxc4 f5 18. Nd6 Bxd6 19. Bxd6 Rf7 20. f3 Rd8 21. Bh2 Ne7
22. fxe4 fxe4 23. Rxf7 Qxf7 24. Rf1 Qg6 25. Qd1 Nd5 26. Bh5 Qh6 27. Qe2 Nf6 28.
Bg4 Bd5 29. Be5 Rc8 30. Qa6 Rf8 31. Bf4 Qg6 32. c4 h5 33. Bd1 Ba8 34. Qb5 e3
35. Qg5 Qd3 36. Bxe3 Qxc4 37. Bxh5 Be4 38. Rf2 Qxa4 39. Qe5 Qb3 40. Bd2 Qxb2
41. Qxe6+ Kh7 42. Qd6 Rc8 43. Bf7 Bg6 44. Bxg6+ Kxg6 45. Qe6 Qa1+ 46. Kh2 Qxd4
47. Rf3 Rd8 48. Rg3+ Kh7 49. Qf5+ Kh8 50. Bc3 Qc5 51. Qg6 Qe7 52. Qg5 Rf8 53.
Qh4+ Kg8 54. Bb4 Qe4 55. Rxg7+ Kxg7 56. Bxf8+ Kf7 57. Qxe4 Nxe4 58. Ba3 a5 59.
Kg1 Nd2 60. Bb2 Nc4 61. Ba1 b5 62. Kf2 b4 63. Ke2 b3 64. Kd3 b2 65. Bxb2 Nxb2+
66. Kc3 Na4+ 67. Kc4 Nb6+ 68. Kb5 a4 69. Kb4 Kg6 70. g4 Kg5 71. Ka3 1/2-1/2

[Event "Vladimir Dvorkovich Mem 2014"]
[Site "Taganrog RUS"]
[Date "2014.01.21"]
[Round "4.28"]
[White "Vlasenko, A."]
[Black "Zhdanov, P."]
[Result "1/2-1/2"]
[WhiteElo "2319"]
[BlackElo "2010"]
[PlyCount "82"]
[EventDate "2014.01.18"]
[EventType "swiss"]
[EventRounds "9"]
[EventCountry "RUS"]
[Source "Mark Crowther"]
[SourceDate "2014.01.27"]

1. Nf3 Nf6 2. d4 g6 3. c4 Bg7 4. Nc3 d5 5. cxd5 Nxd5 6. e4 Nxc3 7. bxc3 c5 8.
Bb5+ Bd7 9. Bxd7+ Qxd7 10. O-O O-O 11. Be3 cxd4 12. cxd4 Nc6 13. Rb1 b6 14. d5
Ne5 15. Nxe5 Bxe5 16. Bh6 Rfd8 17. f4 Bg7 18. Bxg7 Kxg7 19. f5 Rac8 20. Rb3 Qd6
21. Rh3 f6 22. Qd2 Rh8 23. Qh6+ Kf7 24. Rhf3 Rcf8 25. Rc3 Qe5 26. Qe3 Rd8 27.
g3 g5 28. Re1 h5 29. Rc6 Rd6 30. Rxd6 Qxd6 31. Rc1 h4 32. Rc6 Qb4 33. d6 Rd8
34. dxe7 Qxe7 35. gxh4 Qd7 36. Rc1 gxh4 37. Kh1 Qd4 38. Qf3 Ke7 39. Rf1 Rf8 40.
Rg1 Rf7 41. Rc1 h3 1/2-1/2

[Event "Vladimir Dvorkovich Mem 2014"]
[Site "Taganrog RUS"]
[Date "2014.01.21"]
[Round "4.29"]
[White "Bykov, Egor"]
[Black "Nakhbayeva, G."]
[Result "0-1"]
[WhiteElo "2089"]
[BlackElo "2287"]
[PlyCount "56"]
[EventDate "2014.01.18"]
[EventType "swiss"]
[EventRounds "9"]
[EventCountry "RUS"]
[Source "Mark Crowther"]
[SourceDate "2014.01.27"]

1. d4 Nf6 2. Nf3 e6 3. c4 b6 4. Nc3 Bb4 5. Bg5 h6 6. Bxf6 Qxf6 7. e3 Bb7 8. Bd3
O-O 9. O-O Bxc3 10. bxc3 d6 11. Qe2 Nd7 12. Nd2 Qe7 13. f4 e5 14. e4 c5 15.
dxe5 dxe5 16. f5 Rfd8 17. Rfd1 Nf6 18. Nf1 Bc6 19. g4 Rd6 20. Bc2 Rad8 21. Rxd6
Rxd6 22. Re1 Qb7 23. h4 Qe7 24. Qg2 Qd7 25. g5 Nh5 26. gxh6 Rxh6 27. Re3 Nf4
28. Qg4 Rg6 0-1

[Event "Vladimir Dvorkovich Mem 2014"]
[Site "Taganrog RUS"]
[Date "2014.01.21"]
[Round "4.30"]
[White "Gunchenko, Vadim"]
[Black "Sarana, A."]
[Result "0-1"]
[WhiteElo "2032"]
[BlackElo "2283"]
[PlyCount "82"]
[EventDate "2014.01.18"]
[EventType "swiss"]
[EventRounds "9"]
[EventCountry "RUS"]
[Source "Mark Crowther"]
[SourceDate "2014.01.27"]

1. d4 Nf6 2. c4 g6 3. Nc3 d5 4. cxd5 Nxd5 5. Na4 Nf6 6. Nc3 Nd5 7. Na4 Nb6 8.
e4 Bg7 9. Be3 O-O 10. h3 Nxa4 11. Qxa4 b6 12. Nf3 Bb7 13. Qc2 Nd7 14. Bb5 c6
15. Bc4 c5 16. d5 b5 17. Be2 Qa5+ 18. Bd2 Qb6 19. O-O a6 20. Bg5 e6 21. Rad1
exd5 22. exd5 c4 23. Be7 Rfe8 24. d6 Qc6 25. Ne1 Qe4 26. Qxe4 Bxe4 27. Rd2 Rac8
28. Bf3 f5 29. Bxe4 fxe4 30. b3 cxb3 31. axb3 Rc3 32. Nc2 Rxb3 33. Nd4 Rd3 34.
Rxd3 exd3 35. Ne6 b4 36. Nc7 Rb8 37. Nxa6 Rb6 38. Nc7 b3 39. Nd5 Rb5 40. Ne3 b2
41. Rb1 Re5 0-1

[Event "Vladimir Dvorkovich Mem 2014"]
[Site "Taganrog RUS"]
[Date "2014.01.21"]
[Round "4.31"]
[White "Kudelya, I."]
[Black "Babkin, Anatoliy"]
[Result "1-0"]
[WhiteElo "2232"]
[BlackElo "1836"]
[PlyCount "65"]
[EventDate "2014.01.18"]
[EventType "swiss"]
[EventRounds "9"]
[EventCountry "RUS"]
[Source "Mark Crowther"]
[SourceDate "2014.01.27"]

1. e4 c5 2. Nf3 Nc6 3. d4 cxd4 4. Nxd4 Nf6 5. Nc3 d6 6. f3 g6 7. Be3 Bg7 8. Qd2
Bd7 9. O-O-O a6 10. g4 Rc8 11. Kb1 Ne5 12. h4 h5 13. g5 Nh7 14. f4 Nc4 15. Bxc4
Rxc4 16. f5 b5 17. Rhf1 O-O 18. Qd3 Qc8 19. Nd5 Qd8 20. b3 Rc8 21. Ne2 Be5 22.
Bb6 Qe8 23. Nef4 Rc6 24. Ba5 e6 25. Nc7 Qc8 26. fxg6 fxg6 27. Nxg6 Rxf1 28.
Rxf1 Qd8 29. Nxe5 dxe5 30. Rd1 Nf8 31. Nxe6 Qxa5 32. Nxf8 Bg4 33. Qd5+ 1-0

[Event "Vladimir Dvorkovich Mem 2014"]
[Site "Taganrog RUS"]
[Date "2014.01.21"]
[Round "4.32"]
[White "Aivazian, Grigory"]
[Black "Travkina, A."]
[Result "0-1"]
[WhiteElo "1981"]
[BlackElo "2227"]
[PlyCount "90"]
[EventDate "2014.01.18"]
[EventType "swiss"]
[EventRounds "9"]
[EventCountry "RUS"]
[Source "Mark Crowther"]
[SourceDate "2014.01.27"]

1. e4 c5 2. Nf3 d6 3. d4 cxd4 4. Nxd4 Nf6 5. Nc3 g6 6. Be3 Bg7 7. f3 Nc6 8. Qd2
O-O 9. Bc4 Bd7 10. h4 h5 11. Bb3 Ne5 12. O-O-O Rc8 13. Bh6 Bxh6 14. Qxh6 Rxc3
15. bxc3 Qa5 16. Kb1 Qxc3 17. Ne2 Qb4 18. Rd4 Qc5 19. Rhd1 b5 20. Rd5 Nxd5 21.
Rxd5 Qb6 22. f4 Ng4 23. Qg5 Qe3 24. Nd4 Qxe4 25. f5 Kg7 26. fxg6 fxg6 27. Nf3
Rf5 28. Rxf5 Bxf5 29. Qd2 Ne5 30. Ng5 Qxh4 31. Qd5 Qe1+ 32. Kb2 Kh6 33. Nf7+
Nxf7 34. Qxf7 Qe5+ 35. Kb1 a5 36. a4 bxa4 37. Bxa4 Qe6 38. Qf8+ Kg5 39. Qb8
Qe1+ 40. Ka2 Qb4 41. Qe8 Be6+ 42. Bb3 Bxb3+ 43. cxb3 d5 44. g3 a4 45. Qf7 Qd6
0-1

[Event "Vladimir Dvorkovich Mem 2014"]
[Site "Taganrog RUS"]
[Date "2014.01.21"]
[Round "4.33"]
[White "Sukhareva, E."]
[Black "Sobolevskiy, Anton"]
[Result "1-0"]
[WhiteElo "2203"]
[BlackElo "1773"]
[PlyCount "29"]
[EventDate "2014.01.18"]
[EventType "swiss"]
[EventRounds "9"]
[EventCountry "RUS"]
[Source "Mark Crowther"]
[SourceDate "2014.01.27"]

1. d4 Nf6 2. c4 e6 3. Nf3 b6 4. a3 Bb7 5. Nc3 Ne4 6. Nxe4 Bxe4 7. Nd2 f5 8.
Nxe4 fxe4 9. g3 d5 10. Bh3 Qf6 11. Bf4 c5 12. Qa4+ Kf7 13. cxd5 Qxd4 14. dxe6+
Kf6 15. Qe8 1-0

[Event "Vladimir Dvorkovich Mem 2014"]
[Site "Taganrog RUS"]
[Date "2014.01.21"]
[Round "4.35"]
[White "Kovalchuk, Al RUS"]
[Black "Sipetin, Vladislav"]
[Result "1-0"]
[WhiteElo "2276"]
[BlackElo "2069"]
[PlyCount "73"]
[EventDate "2014.01.18"]
[EventType "swiss"]
[EventRounds "9"]
[EventCountry "RUS"]
[Source "Mark Crowther"]
[SourceDate "2014.01.27"]

1. e4 e6 2. d4 d5 3. Nd2 c5 4. c3 Nc6 5. Ngf3 Nf6 6. Bd3 Be7 7. O-O O-O 8. e5
Nd7 9. Re1 cxd4 10. cxd4 Qb6 11. Nf1 a5 12. Ng3 Rd8 13. h4 Nf8 14. h5 h6 15.
Be3 Bd7 16. Nh2 Nb4 17. Bb1 f5 18. exf6 Bxf6 19. Ng4 Be7 20. Ne5 Be8 21. Qg4
Kh8 22. Ng6+ Bxg6 23. hxg6 Kg8 24. Bxh6 gxh6 25. g7 Nh7 26. Qg6 Ng5 27. Re5
Rac8 28. Nf5 Rc1+ 29. Kh2 exf5 30. Qxb6 Rc6 31. Qxb7 Bd6 32. Bxf5 Bxe5+ 33.
dxe5 Rc4 34. e6 Nc6 35. Re1 Rb8 36. Qxb8+ Nxb8 37. e7 1-0

[Event "Vladimir Dvorkovich Mem 2014"]
[Site "Taganrog RUS"]
[Date "2014.01.21"]
[Round "4.36"]
[White "Krivochkin, Ilya"]
[Black "Frolov, Andrey"]
[Result "0-1"]
[WhiteElo "1936"]
[BlackElo "2164"]
[PlyCount "54"]
[EventDate "2014.01.18"]
[EventType "swiss"]
[EventRounds "9"]
[EventCountry "RUS"]
[Source "Mark Crowther"]
[SourceDate "2014.01.27"]

1. d4 d5 2. c4 c6 3. Nc3 Nf6 4. cxd5 cxd5 5. Nf3 Nc6 6. Bg5 Ne4 7. Nxe4 dxe4 8.
d5 exf3 9. dxc6 Qxd1+ 10. Rxd1 fxe2 11. Bxe2 bxc6 12. Bf3 Bd7 13. O-O e5 14.
Rc1 Rc8 15. Rfd1 f5 16. Bh5+ g6 17. Bf6 Rg8 18. Be2 Bg7 19. Bc4 Bxf6 20. Bxg8
Ke7 21. Bb3 e4 22. Rc2 c5 23. Rcd2 Bb5 24. Bd5 Bd4 25. b3 e3 26. Re1 f4 27.
fxe3 fxe3 0-1